Identify the Bond film from the Location #1 - Statistics

General Stats
  • This quiz has been taken 28 times
  • The average score is 11 of 15
Answer Stats
Hint Film % Correct
Luxor, Egypt The Spy Who Loved Me
92%
Mexico City, Mexico Spectre
88%
Kingston, Jamaica Dr. No
85%
Tokyo, Japan You Only Live Twice
85%
Sam Francisco, USA A View To A Kill
81%
Las Vegas, USA Diamonds Are Forever
81%
New Orleans, USA Live And Let Die
77%
Belgrade, Yugoslavia From Russia With Love
73%
Isthmus City, Republic of Isthmus Licence To Kill
65%
Bern, Switzerland On Her Majesty’s Secret Service
65%
Port-au-Prince, Haiti Quantum of Solace
65%
Bratislava, Czechoslovakia The Living Daylights
65%
Baku, Azerbaijan The World Is Not Enough
65%
Prague, Czech Republic Casino Royale
62%
Hamburg, Germany Tomorrow Never Dies
58%
No matching quizzes found
Score Distribution
Percent of People with Each Score
Percentile by Number Answered
Your Score History
You have not taken this quiz